000 00692 a2200229 4500
005 20260319111402.0
008 260319b |||||||| |||| 00| 0 eng d
020 _a9789390887651 (hbk)
037 _cTB
040 _aCRL
_cCRL
041 _2URD
_aURD
084 _aO168,6:g R3
_bCRL
100 _aQasim Yaqoob
_91115637
245 _aTanqeedi siaaq aur naye sawal
260 _aLucknow, India:
_bMatterlink Publishers,
_c2023.
300 _a319p.
365 _b700.00
_cCRL
650 _aUrdu Literature
650 _aUrdu Prose
942 _cTB
_2CC
_hO168,6:g R3
999 _c1679566
_d1679566